000 01145nam a22003497i 4500
001 B-12595
003 CO-BoFNCP
007 t||
008 090911s2008 ck r spa d
040 _aCO-BoFNCP
_bspa
_cCO-BoFNCP
_erda
041 _aspa
043 _ack
084 _aA-
100 1 _aRocha S., Pedro J.
_939053,
_eautor.
_4aut
245 1 0 _aValidación de marcadores moleculares ligados a grosor de cuesco.
264 4 _c©2008
300 _apáginas 1-4 :
_bTablas, gráficos, fotografías.
336 _atexto
_btxt
_2rdacontent
337 _asin mediación
_bn
_2rdamedia
338 _avolumen
_bnc
_2rdacarrier
504 _aIncluye referencias bibliográficas.
650 0 _aBiotecnología.
_93563
650 0 _aMarcadores moleculares
_930535.
650 0 _aMejoramiento genético
_930553.
650 0 _aPalma de aceite
_937678.
700 1 _aMontoya J., Carmenza
_939050.
710 1 _aCorporación Centro de Investigación en Palma de Aceite, Cenipalma [Colombia]
_936971.
773 0 _aCeniavances (Colombia)
_gNo. 159 (Marzo 2008), p.1-4
_wA-
_x0123-8353
942 _2z
_c1
999 _c26567
_d26567
999 _z1